000 00778nam a2200277Ia 4500
005 20260324115821.0
008 008 260324s9999 xx 000 0 eng d
020 _a9788743802884
037 _aEBOOK
040 _aCRL
040 _beng
040 _cCRL
041 _2eng
041 _aeng
084 _qCRL
100 _aPablo Zavattieri; Srinivasan Arjun Tekalur; Chad S. Korach
_91156124
245 0 _aMechanics of Biological Systems and Materials, Volume 6
245 0 _bProceedings of the 2015 Annual Conference on Experimental and Applied Mechanics
260 _bTaylor and Francis
260 _c2016
365 _a
856 _uhttp://www.taylorfrancis.com/books/9788743802884
942 _cEBOOK
999 _c1747274
_d1747274